NBA Finals MVP'S Quiz 1980-2025 - Statistics

General Stats
  • This quiz has been taken 34 times
  • The average score is 25 of 46
Answer Stats
Hint Answer % Correct
2025 Shai Gilgeous-Alexander
100%
2021 Giannis Antetokounmpo
89%
2024 Jaylen Brown
89%
2023 Nikola Jokic
89%
2020 Lebron James
85%
2019 Kawhi Leonard
81%
2018 Kevin Durant
81%
2017 Kevin Durant
81%
2016 Lebron James
81%
2022 Stephen Curry
81%
2011 Dirk Nowitzki
74%
2013 Lebron James
70%
2012 Lebron James
70%
2014 Kawhi Leonard
67%
2010 Kobe Bryant
67%
2009 Kobe Bryant
67%
2008 Paul Pierce
59%
2007 Tony Parker
59%
2015 Andre Igoudala
56%
2002 Shaquille O'Neal
56%
2001 Shaquille O'Neal
56%
2000 Shaquille O'Neal
56%
2004 Chauncey Billups
48%
1995 Hakeem Olajuwon
48%
1994 Hakeem Olajuwon
48%
1998 Michael Jordan
48%
1997 Michael Jordan
48%
1996 Michael Jordan
48%
1990 Isiah Thomas
44%
1993 Michael Jordan
44%
1992 Michael Jordan
44%
1991 Michael Jordan
44%
2005 Tim Duncan
44%
2003 Tim Duncan
44%
1999 David Robinson
37%
1986 Larry Bird
37%
1987 Magic Johnson
37%
2006 Dwayne Wade
33%
1988 James Worthy
33%
1989 Joe Dumars
30%
1984 Larry Bird
30%
1985 Kareem Abdul-Jabbar
26%
1982 Magic Johnson
22%
1980 Magic Johnson
22%
1981 Cedric Maxwell
19%
1983 Moses Malone
19%
No matching quizzes found
Score Distribution
Percent of People with Each Score
Percentile by Number Answered
Your Score History
You have not taken this quiz